Imiona żeńskie na literę "S" - Statystyki

Ogólne statystyki
  • Ten quiz został rozwiązany 817 razy
  • Średni wynik to 4 z 10
Statystyki odpowiedzi
Odpowiedź % Poprawnych
Sylwia
81%
Sandra
75%
Stanisława
60%
Sabina
57%
Sonia
51%
Samanta
39%
Sabrina
25%
Sławomira
22%
Stella
13%
Sybilla
8%
Nie znaleziono quizów pasujących do podanych kryteriów
Rozkład punktacji
Procent ludzi z każdym wynikiem
Percentyl według liczby udzielonych odpowiedzi
Twoja historia wyników
Nie rozwiązałeś tego quizu